[Event "Pavlodar op"]
[Site "Pavlodar"]
[Date "2017.11.23"]
[Round "4"]
[White "Alimbetov, Dias"]
[Black "Skurygin, Grigoriy"]
[Result "1/2-1/2"]
[WhiteElo "1744"]
[BlackElo "2065"]
[PlyCount "66"]
[EventDate "2017.11.21"]
[EventType "swiss"]
[EventRounds "9"]
[EventCountry "KAZ"]
[SourceTitle "EXT 2019"]
[Source "ChessBase"]
[SourceDate "2018.10.10"]
[SourceVersion "1"]
[SourceVersionDate "2018.10.10"]
[SourceQuality "1"]

1. d4 d5 2. c4 c5 3. cxd5 Qxd5 4. Nf3 cxd4 5. Nc3 Qa5 6. Nxd4 Nf6 7. g3 Bd7 8. Bg2 Nc6 9. Nb3 Qh5 10. e4 Qxd1+ 11. Nxd1 e5 12. 0-0 Be7 13. Ne3 0-0 14. Bd2 Rfd8 15. Na5 b6 16. Nac4 b5 17. Na5 Nd4 18. f4 Bd6 19. Nb7 Bc6 20. Nxd8 Rxd8 21. Nd5 Bc5 22. Nxf6+ gxf6 23. Kh1 Bb6 24. Rac1 Bb7 25. Bb4 Rd7 26. Bc5 Ne2 27. Rc2 Nd4 28. Bxd4 Rxd4 29. fxe5 fxe5 30. Rcf2 Rd7 31. Rf5 Bd4 32. b3 Rc7 33. h3 Bc8 1/2-1/2

[Event "Pavlodar op"]
[Site "Pavlodar"]
[Date "2017.11.21"]
[Round "1"]
[White "Skurygin, Grigoriy"]
[Black "Rakhmetulla, Aldiyar"]
[Result "1-0"]
[WhiteElo "2065"]
[BlackElo "1369"]
[PlyCount "35"]
[EventDate "2017.11.21"]
[EventType "swiss"]
[EventRounds "9"]
[EventCountry "KAZ"]
[SourceTitle "EXT 2019"]
[Source "ChessBase"]
[SourceDate "2018.10.10"]
[SourceVersion "1"]
[SourceVersionDate "2018.10.10"]
[SourceQuality "1"]

1. d4 d5 2. Nf3 Nf6 3. c4 c6 4. Nc3 Bf5 5. cxd5 cxd5 6. Qb3 b6 7. Bf4 Nc6 8. e3 e6 9. Bb5 Rc8 10. Ne5 Bd6 11. Nxc6 Qc7 12. Nxa7+ Kf8 13. Bxd6+ Qxd6 14. Nxc8 Qc7 15. Qa3+ Kg8 16. Ne7+ Kf8 17. Ng6+ Kg8 18. Qf8# 1-0

[Event "KAZ-ch sf"]
[Site "Pavlodar"]
[Date "2016.02.08"]
[Round "3"]
[White "Alimbetov, Dias"]
[Black "Skurygin, Grigoriy"]
[Result "0-1"]
[WhiteElo "1720"]
[BlackElo "2092"]
[PlyCount "60"]
[EventDate "2016.02.05"]
[EventType "swiss"]
[EventRounds "9"]
[EventCountry "KAZ"]
[SourceTitle "CBM 171 Extra"]
[Source "ChessBase"]
[SourceDate "2016.04.26"]
[SourceVersion "1"]
[SourceVersionDate "2016.04.26"]
[SourceQuality "1"]

1. d4 Nf6 2. c4 e6 3. Nc3 Bb4 4. e3 0-0 5. Nge2 d5 6. a3 Be7 7. Ng3 b6 8. Bd3 dxc4 9. Bxc4 Bb7 10. 0-0 Nbd7 11. Qe2 c5 12. dxc5 Nxc5 13. Rd1 Qc7 14. b4 Ncd7 15. Bb2 Rac8 16. Bb3 Rfd8 17. Rac1 Qb8 18. e4 Qf4 19. Qd2 Qh4 20. Qe1 Nf8 21. f3 Ng6 22. Nb5 a6 23. Nd4 Nf4 24. Rxc8 Rxc8 25. Qf2 a5 26. Nc2 axb4 27. Qxb6 Ng4 28. Qxb7 Qxh2+ 29. Kf1 Qxg2+ 30. Ke1 Qf2# 0-1

[Event "Pavlodar op"]
[Site "Pavlodar"]
[Date "2015.12.16"]
[Round "10"]
[White "Skurygin, Grigoriy"]
[Black "Khabibullin, Rinat"]
[Result "1/2-1/2"]
[WhiteElo "2166"]
[BlackElo "2052"]
[PlyCount "54"]
[EventDate "2015.12.07"]
[EventType "swiss"]
[EventRounds "10"]
[EventCountry "KAZ"]
[SourceTitle "EXT 2017"]
[Source "ChessBase"]
[SourceDate "2016.10.25"]
[SourceVersion "1"]
[SourceVersionDate "2016.10.25"]
[SourceQuality "1"]

1. d4 d5 2. Nf3 Nf6 3. Bf4 c6 4. c3 h6 5. Nbd2 Bf5 6. Qb3 Qb6 7. h3 e6 8. e3 Be7 9. Be2 0-0 10. 0-0 c5 11. c4 Nc6 12. dxc5 Bxc5 13. Qxb6 Bxb6 14. cxd5 Nxd5 15. Bg3 Bg6 16. a3 f6 17. Bc4 Rfe8 18. Ba2 Kh7 19. Rfd1 Rad8 20. Rac1 e5 21. Nc4 Bc7 22. Ne1 Nb6 23. Nxb6 Bxb6 24. Bb1 e4 25. Ba2 Ne5 26. Bxe5 Rxd1 27. Rxd1 Rxe5 1/2-1/2

[Event "Pavlodar op"]
[Site "Pavlodar"]
[Date "2015.12.15"]
[Round "9"]
[White "Kuznetsov, Alexandr"]
[Black "Skurygin, Grigoriy"]
[Result "1/2-1/2"]
[WhiteElo "1923"]
[BlackElo "2166"]
[PlyCount "37"]
[EventDate "2015.12.07"]
[EventType "swiss"]
[EventRounds "10"]
[EventCountry "KAZ"]
[SourceTitle "EXT 2017"]
[Source "ChessBase"]
[SourceDate "2016.10.25"]
[SourceVersion "1"]
[SourceVersionDate "2016.10.25"]
[SourceQuality "1"]

1. d4 Nf6 2. c4 e6 3. Nf3 b6 4. Bg5 Bb7 5. e3 Be7 6. Bd3 0-0 7. 0-0 c5 8. Nbd2 d5 9. cxd5 Nxd5 10. Bxe7 Qxe7 11. Rc1 Nd7 12. a3 cxd4 13. Nxd4 Rfd8 14. Qe2 Nc5 15. Bc4 Rac8 16. Rfd1 Qh4 17. N2f3 Qf6 18. Ne1 Qh4 19. Nef3 1/2-1/2

[Event "KAZ-ch qual"]
[Site "Astana"]
[Date "2012.02.26"]
[Round "6"]
[White "Skurygin, Grigoriy"]
[Black "Nakyp, Rakhimjan"]
[Result "0-1"]
[WhiteElo "2241"]
[BlackElo "2086"]
[PlyCount "54"]
[EventDate "2012.02.21"]
[EventType "swiss"]
[EventRounds "9"]
[EventCountry "KAZ"]
[SourceTitle "EXT 2014"]
[Source "ChessBase"]
[SourceDate "2013.11.20"]
[SourceVersion "1"]
[SourceVersionDate "2013.11.20"]
[SourceQuality "1"]

1. Nf3 Nf6 2. d4 e6 3. c4 Nc6 4. a3 d5 5. Nc3 Be7 6. e3 0-0 7. Bd3 dxc4 8. Bxc4 a6 9. 0-0 b5 10. Bd3 Bb7 11. b4 Re8 12. Bb2 Bd6 13. e4 e5 14. d5 Ne7 15. Ne2 Ng6 16. Ng3 Bc8 17. Re1 h5 18. Bc1 h4 19. Nf5 Bxf5 20. exf5 Ne7 21. Be4 Nxe4 22. Rxe4 Nxf5 23. Bg5 Be7 24. Rxe5 Bxg5 25. Rxe8+ Qxe8 26. Nxg5 Qe5 27. Nf3 Qd6 0-1

[Event "KAZ-ch qual"]
[Site "Astana"]
[Date "2012.02.23"]
[Round "3"]
[White "Akkozov, Berik"]
[Black "Skurygin, Grigoriy"]
[Result "1-0"]
[WhiteElo "2363"]
[BlackElo "2241"]
[PlyCount "50"]
[EventDate "2012.02.21"]
[EventType "swiss"]
[EventRounds "9"]
[EventCountry "KAZ"]
[SourceTitle "EXT 2014"]
[Source "ChessBase"]
[SourceDate "2013.11.20"]
[SourceVersion "1"]
[SourceVersionDate "2013.11.20"]
[SourceQuality "1"]

1. d4 Nf6 2. c4 e6 3. Nf3 b6 4. g3 Bb7 5. Bg2 Bb4+ 6. Bd2 Be7 7. Nc3 c5 8. d5 exd5 9. Nh4 0-0 10. cxd5 d6 11. Nf5 Re8 12. Nxe7+ Qxe7 13. 0-0 Nbd7 14. Re1 a6 15. a4 Ne5 16. b3 Rab8 17. f4 Ng6 18. e4 Bc8 19. Qe2 Qd8 20. Qd3 b5 21. axb5 axb5 22. h3 b4 23. Nd1 Bd7 24. Ne3 Bb5 25. Qc2 Nd7 1-0

[Event "KAZ-ch Seniors"]
[Site "Astana"]
[Date "2012.02.17"]
[Round "7"]
[White "Karibayev, Bulat"]
[Black "Skurygin, Grigoriy"]
[Result "1-0"]
[WhiteElo "2075"]
[BlackElo "2241"]
[PlyCount "56"]
[EventDate "2012.02.11"]
[EventType "swiss"]
[EventRounds "9"]
[EventCountry "KAZ"]
[SourceTitle "EXT 2014"]
[Source "ChessBase"]
[SourceDate "2013.11.20"]
[SourceVersion "1"]
[SourceVersionDate "2013.11.20"]
[SourceQuality "1"]

1. Nf3 Nf6 2. c4 e6 3. Nc3 d5 4. d4 Be7 5. Bg5 Nbd7 6. e3 c6 7. Rc1 0-0 8. Bd3 dxc4 9. Bxc4 Nd5 10. Bxe7 Qxe7 11. 0-0 Nxc3 12. Rxc3 b6 13. e4 e5 14. d5 c5 15. Nd2 Nf6 16. Rg3 Bd7 17. Qe2 Rfb8 18. f4 b5 19. Bd3 c4 20. Bb1 exf4 21. Rxf4 Nxd5 22. Rf2 Nc7 23. e5 Re8 24. Qh5 g6 25. Ne4 Kh8 26. Qh6 Rg8 27. Qf4 Rg7 28. Nf6 Be6 1-0

[Event "Pavlodar Cup of Akim"]
[Site "Pavlodar"]
[Date "2008.02.29"]
[Round "10"]
[White "Kazakov, Konstantin"]
[Black "Skurygin, Grigoriy"]
[Result "0-1"]
[WhiteElo "2110"]
[BlackElo "2244"]
[PlyCount "80"]
[EventDate "2008.02.10"]
[EventType "tourn"]
[EventRounds "11"]
[EventCountry "KAZ"]
[SourceTitle "EXT 2022"]
[Source "ChessBase"]
[SourceDate "2021.10.06"]
[SourceVersion "1"]
[SourceVersionDate "2021.10.06"]
[SourceQuality "1"]

1. e4 c5 2. Nf3 d6 3. d4 cxd4 4. Nxd4 Nf6 5. Nc3 a6 6. Be2 e5 7. Nb3 Be7 8. f4 Nc6 9. Be3 b5 10. a3 Bb7 11. a4 b4 12. Nd5 Nxd5 13. exd5 Nb8 14. 0-0 Nd7 15. c4 bxc3 16. bxc3 0-0 17. c4 a5 18. fxe5 Nxe5 19. Nd4 Bg5 20. Bf2 Ba6 21. Nb5 Rc8 22. Qd4 Bf6 23. Qa7 Ra8 24. Qb6 Qd7 25. Rac1 Rfb8 26. Qc7 Rb7 27. Qxa5 Rbb8 28. Qd2 Bxb5 29. axb5 Ra4 30. c5 dxc5 31. Bxc5 Rba8 32. d6 Ra2 33. Rc2 Qe6 34. b6 Nd7 35. Bc4 Qxc4 36. Rxc4 Rxd2 37. Bf2 h6 38. b7 Raa2 39. Rc7 Rxf2 40. Rxf2 Ra1+ 0-1

[Event "Pavlodar Cup of Akim"]
[Site "Pavlodar"]
[Date "2008.02.21"]
[Round "3"]
[White "Skurygin, Grigoriy"]
[Black "Lozhnikov, Vyacheslav"]
[Result "0-1"]
[WhiteElo "2244"]
[BlackElo "2212"]
[PlyCount "78"]
[EventDate "2008.02.10"]
[EventType "tourn"]
[EventRounds "11"]
[EventCountry "KAZ"]
[SourceTitle "EXT 2022"]
[Source "ChessBase"]
[SourceDate "2021.10.06"]
[SourceVersion "1"]
[SourceVersionDate "2021.10.06"]
[SourceQuality "1"]

1. e4 c5 2. Nf3 d6 3. d4 cxd4 4. Nxd4 Nf6 5. Nc3 a6 6. Bg5 e6 7. f4 Be7 8. Qf3 Nbd7 9. 0-0-0 Qc7 10. Bd3 h6 11. Qh3 Rg8 12. Bxf6 Nxf6 13. f5 e5 14. Nde2 Bd7 15. Nd5 Nxd5 16. exd5 0-0-0 17. Kb1 Kb8 18. Qf3 Rc8 19. Rhe1 Qb6 20. c4 Bf6 21. Rd2 e4 22. Qxe4 Rge8 23. Qf3 Bc3 24. Nxc3 Rxe1+ 25. Kc2 Re5 26. Qf2 Qxf2 27. Rxf2 Rce8 28. b4 f6 29. Ne2 Bxf5 30. Nd4 Bxd3+ 31. Kxd3 Re3+ 32. Kd2 Ra3 33. Ne6 Rxa2+ 34. Ke3 Rxf2 35. Kxf2 Re7 36. Ke3 Kc8 37. Kd3 Rxe6 38. dxe6 Kd8 39. c5 Ke7 0-1

[Event "Pavlodar op"]
[Site "Pavlodar"]
[Date "2007.12.24"]
[Round "11"]
[White "Skurygin, Grigoriy"]
[Black "Nakhbayeva, Guliskhan"]
[Result "1-0"]
[WhiteElo "2244"]
[BlackElo "2024"]
[PlyCount "73"]
[EventDate "2007.12.16"]
[EventType "swiss"]
[EventRounds "11"]
[EventCountry "KAZ"]
[SourceTitle "CBM 122 Extra"]
[Source "ChessBase"]
[SourceDate "2008.03.04"]
[SourceVersion "1"]
[SourceVersionDate "2008.03.04"]
[SourceQuality "1"]

1. d4 Nf6 2. c4 e6 3. Nf3 b6 4. g3 Ba6 5. b3 Bb4+ 6. Bd2 Be7 7. Bg2 c6 8. 0-0 0-0 9. Qc2 d5 10. Rd1 Nbd7 11. Bf4 Rc8 12. Nc3 c5 13. cxd5 exd5 14. dxc5 Nxc5 15. Qb2 Ne6 16. Be5 Bb7 17. e4 Rc5 18. b4 Rc4 19. Nxd5 Nxd5 20. exd5 Bxd5 21. Ne1 Rxb4 22. Rxd5 Qc8 23. Qc2 Rc4 24. Qe2 a6 25. h3 h6 26. Rad1 Re8 27. Nf3 b5 28. Nd4 Nc5 29. Qg4 Qxg4 30. hxg4 Na4 31. Nf5 Bc5 32. Rd8 Rxd8 33. Rxd8+ Kh7 34. Bxg7 Rxg4 35. Bd4 Bxd4 36. Rxd4 Rg5 37. Ne3 1-0

[Event "Pavlodar op"]
[Site "Pavlodar"]
[Date "2007.12.20"]
[Round "7"]
[White "Ospanov, Nazar"]
[Black "Skurygin, Grigoriy"]
[Result "1/2-1/2"]
[WhiteElo "2130"]
[BlackElo "2244"]
[PlyCount "55"]
[EventDate "2007.12.16"]
[EventType "swiss"]
[EventRounds "11"]
[EventCountry "KAZ"]
[SourceTitle "CBM 122 Extra"]
[Source "ChessBase"]
[SourceDate "2008.03.04"]
[SourceVersion "1"]
[SourceVersionDate "2008.03.04"]
[SourceQuality "1"]

1. e4 c5 2. Nf3 d6 3. d4 cxd4 4. Nxd4 Nf6 5. Nc3 a6 6. Bc4 e6 7. 0-0 b5 8. Bb3 Be7 9. Qf3 Qc7 10. Qg3 0-0 11. Bh6 Ne8 12. Rfd1 Nc6 13. Nxc6 Qxc6 14. a4 Bb7 15. axb5 axb5 16. Rxa8 Bxa8 17. Ra1 Kh8 18. Bg5 Nf6 19. h3 Bb7 20. Ra7 Ra8 21. Qe3 Rxa7 22. Qxa7 h6 23. Bxf6 Bxf6 24. Nd5 exd5 25. Bxd5 Qxc2 26. Qxb7 Qc1+ 27. Kh2 Qf4+ 28. Kg1 1/2-1/2